[Event "AUTO-MASTER-1756"]
[Site "http://www.queenalice.com/game.php?id=1115189"]
[Date "2012.10.23"]
[Round "1"]
[White "capito"]
[Black "mole"]
[Result "1-0"]
[WhiteElo "2133"]
[BlackElo "2156"]

1. e4 c5 2. Nf3 Nc6 3. d4 cxd4 4. Nxd4 g6 5. Nc3 Bg7 6. Be3 Nf6 7. Be2 O-O 8.
O-O d5 9. exd5 Nxd5 10. Nxd5 Qxd5 11. Bf3 Qd7 12. Nxc6 Qxd1 13. Nxe7+ 1-0

[Event "AUTO-MASTER-1756"]
[Site "http://www.queenalice.com/game.php?id=1115190"]
[Date "2012.10.23"]
[Round "1"]
[White "mole"]
[Black "capito"]
[Result "1-0"]
[WhiteElo "2218"]
[BlackElo "2115"]

1. e4 e6 2. d4 d5 3. Nd2 c5 4. exd5 exd5 5. Ngf3 Nc6 6. Bb5 Qe7+ 7. Be2 Nf6 8.
O-O Qd6 9. dxc5 Qxc5 10. Nb3 Qb6 11. Be3 Qc7 12. Re1 Bd6 13. Bb5 O-O 14. Bxc6
bxc6 15. Bc5 Bg4 16. Re3 Bxf3 17. Bxd6 Bxd1 18. Bxc7 Bxc2 19. Nd4 Ba4 20. Rc1
Rfe8 21. b3 Bb5 22. a4 Rxe3 23. fxe3 Bd3 24. Nxc6 h5 25. Be5 a6 26. Bxf6 gxf6
27. Ne7+ Kg7 28. Nxd5 Rb8 29. Nf4 Bg6 30. Rc3 Kh6 31. Kf2 Rd8 32. Rc6 1-0

[Event "Challenge"]
[Site "http://www.queenalice.com/game.php?id=1121418"]
[Date "2012.11.12"]
[Round "-"]
[White "jdimas"]
[Black "capito"]
[Result "0-1"]
[WhiteElo "1541"]
[BlackElo "2146"]

1. d4 Nf6 2. e3 d5 3. c4 c6 4. c5 b6 5. b4 a5 6. Bd2 axb4 7. Bxb4 e6 8. a4 Ba6
9. Bxa6 Nxa6 10. Ba3 bxc5 11. Bxc5 Nxc5 12. dxc5 Bxc5 13. Nc3 Bb4 14. Ne2 Ne4
0-1

[Event "Challenge"]
[Site "http://www.queenalice.com/game.php?id=1123838"]
[Date "2012.11.19"]
[Round "-"]
[White "fernando1971"]
[Black "capito"]
[Result "1-0"]
[WhiteElo "2425"]
[BlackElo "2120"]

1. e4 e6 2. d4 d5 3. e5 c5 4. c3 Nc6 5. Nf3 Qb6 6. dxc5 Bxc5 7. Qe2 Nge7 8. b4
Nxb4 9. cxb4 Bxb4+ 10. Bd2 Bd7 11. Bxb4 Qxb4+ 12. Qd2 Qxd2+ 13. Nbxd2 O-O 14.
Rb1 b6 15. Ba6 Bc8 16. Bb5 Bb7 17. Nb3 a6 18. Bd3 Rac8 19. Nbd4 b5 20. a4 Rc3
21. Kd2 Rfc8 22. axb5 axb5 23. Nxb5 R3c7 24. Nxc7 Rxc7 25. Rhc1 1-0

[Event "Challenge"]
[Site "http://www.queenalice.com/game.php?id=1123839"]
[Date "2012.11.19"]
[Round "-"]
[White "capito"]
[Black "fernando1971"]
[Result "0-1"]
[WhiteElo "2117"]
[BlackElo "2427"]

1. e4 e5 2. Nf3 Nc6 3. Bb5 Nf6 4. O-O Bc5 5. Nc3 O-O 6. d3 d6 7. h3 Nd4 8. Nxd4
exd4 9. Na4 Bb4 10. c3 Ba5 11. Bc4 c6 12. b4 Bc7 13. Nb2 dxc3 14. Na4 d5 15.
exd5 cxd5 16. Bb3 Qd6 17. f4 d4 18. a3 Re8 19. Nc5 b6 20. Ne4 Nxe4 21. dxe4 Rxe4
22. Qh5 Be6 23. Bxe6 Qxe6 24. f5 Qd6 25. Qf3 Qh2+ 0-1

[Event "Challenge"]
[Site "http://www.queenalice.com/game.php?id=1125404"]
[Date "2012.11.24"]
[Round "-"]
[White "skimonline"]
[Black "capito"]
[Result "0-1"]
[WhiteElo "1359"]
[BlackElo "2114"]

1. d4 Nf6 2. f3 d5 3. b3 Bf5 4. Bf4 c6 5. g4 Bg6 6. h4 h5 7. g5 Nfd7 8. Nc3 e6
9. e4 dxe4 10. fxe4 Bb4 11. Qd3 Bxc3+ 12. Qxc3 Nb6 13. e5 Nd5 14. Qf3 Nxf4 15.
Qxf4 Bxc2 16. Ne2 g6 17. Qf6 Qxf6 18. exf6 Bd3 19. d5 Bxe2 20. Bxe2 cxd5 21.
Bb5+ Nc6 22. Ba4 O-O 23. Bb5 Nd4 24. Bd3 Nf3+ 25. Ke2 Ne5 26. a4 Nxd3 27. Kxd3
Rfc8 28. b4 Kf8 29. b5 b6 30. a5 bxa5 31. Rxa5 Ke8 32. b6 axb6 33. Rb5 Rc6 34.
Kd4 Kd7 35. Rh3 Rc4+ 36. Kd3 Ra3+ 37. Ke2 Rxh3 38. Rxb6 Rc2+ 39. Kd1 Rg2 40.
Rb7+ Kc6 41. Rb2 Rh1# 0-1

[Event "Challenge"]
[Site "http://www.queenalice.com/game.php?id=1149187"]
[Date "2013.2.6"]
[Round "-"]
[White "capito"]
[Black "fernando1971"]
[Result "0-1"]
[WhiteElo "2118"]
[BlackElo "2440"]

1. e4 e5 2. Nf3 Nf6 3. Nxe5 d6 4. Nf3 Nxe4 5. d4 d5 6. Nc3 Bb4 7. Bd2 Nxd2 8.
Qxd2 O-O 9. O-O-O c6 10. Kb1 Qa5 11. Qd3 Bxc3 12. Qxc3 Qxc3 13. bxc3 Bg4 14. h3
Bxf3 15. gxf3 Nd7 16. Bd3 Rfe8 17. Rde1 Nb6 18. Re3 g6 19. Rhe1 Kf8 20. Kc1 f5
21. Kd2 f4 22. Rxe8+ Rxe8 23. Rxe8+ Kxe8 24. Ke2 Nc4 25. Bxc4 dxc4 26. a3 Kd7
27. h4 h5 28. Kd2 a6 29. Kc1 g5 30. Kd1 gxh4 31. Ke1 c5 32. Kf1 cxd4 33. cxd4 b5
34. Kg2 a5 35. Kh3 b4 0-1

[Event "Challenge"]
[Site "http://www.queenalice.com/game.php?id=1175116"]
[Date "2013.4.25"]
[Round "-"]
[White "AlekinePb"]
[Black "capito"]
[Result "0-1"]
[WhiteElo "1844"]
[BlackElo "2123"]

1. d4 Nf6 2. c4 d6 3. Nc3 g6 4. e4 Bg7 5. f3 O-O 6. Be3 e5 7. dxe5 dxe5 8. Qxd8
Rxd8 9. Rd1 Rxd1+ 10. Kxd1 Nc6 11. Ke2 Be6 12. Nd5 Bxd5 13. cxd5 Nd4+ 14. Bxd4
exd4 15. Kd3 Nd7 16. b4 b5 17. Nh3 a5 18. Be2 axb4 19. Ra1 Ra3+ 20. Kc2 d3+ 0-1

[Event "Challenge"]
[Site "http://www.queenalice.com/game.php?id=1175117"]
[Date "2013.4.25"]
[Round "-"]
[White "capito"]
[Black "AlekinePb"]
[Result "1-0"]
[WhiteElo "2119"]
[BlackElo "1823"]

1. e4 e6 2. d4 d5 3. Nd2 Nf6 4. e5 Nfd7 5. c3 c5 6. Bd3 Nc6 7. Ngf3 cxd4 8. cxd4
Qb6 9. Nb3 Bb4+ 10. Bd2 Nxd4 11. Nbxd4 Nc5 12. Bb5+ Nd7 13. Bxd7+ Bxd7 14. O-O
O-O 15. Bxb4 Rfc8 16. Bc3 a6 17. Qd3 Bb5 18. Nxb5 axb5 19. a3 Rc4 20. Ng5 g6 21.
Qh3 h5 22. Qf3 Rf8 23. Bb4 Rcc8 24. Bxf8 Rxf8 25. Rac1 b4 26. axb4 Qxb4 27. Rc7
1-0

[Event "AUTO-OPEN-2975"]
[Site "http://www.queenalice.com/game.php?id=1175206"]
[Date "2013.4.26"]
[Round "1"]
[White "capito"]
[Black "vivafischer"]
[Result "0-1"]
[WhiteElo "2118"]
[BlackElo "2086"]

1. e4 e6 2. d4 d5 3. Nd2 Nf6 4. e5 Nfd7 5. Bd3 c5 6. c3 Nc6 7. Ngf3 cxd4 8. cxd4
Qb6 9. Nb3 a5 10. O-O a4 11. Nbd2 Nxd4 12. Nxd4 Qxd4 13. Nf3 Qb6 14. b3 axb3 15.
Bb2 Rxa2 16. Rxa2 bxa2 17. Ba1 Bc5 18. Qc2 g6 19. Qxa2 O-O 20. Rb1 Qd8 21. h3
Be7 22. Nh2 f5 23. exf6 Bxf6 24. Ng4 Bxa1 25. Qxa1 Nf6 26. Ne5 Nd7 27. Ng4 Qg5
28. Re1 Nc5 29. Bc2 h5 30. Ne5 Ne4 31. Bxe4 dxe4 32. Rxe4 Qf6 33. Qd4 Kh7 34.
Qc5 Qf5 35. g3 Qxe4 36. Qxf8 Qxe5 37. Qxc8 b5 38. Qd7+ Kh6 39. Qd2+ Qg5 40. Qd6
Qf6 41. Qc5 Qf5 42. Qe3+ g5 43. Kg2 Qd5+ 44. Kh2 b4 45. h4 b3 46. hxg5+ Kg6 47.
Qc1 Qd3 48. Kh3 Qc2 0-1

[Event "AUTO-OPEN-2975"]
[Site "http://www.queenalice.com/game.php?id=1175207"]
[Date "2013.4.26"]
[Round "1"]
[White "vivafischer"]
[Black "capito"]
[Result "1-0"]
[WhiteElo "2242"]
[BlackElo "2128"]

1. e4 e6 2. d4 d5 3. e5 c5 4. c3 Nc6 5. Nf3 Qb6 6. a3 a5 7. g3 f5 8. Bh3 Bd7 9.
O-O O-O-O 10. b4 cxb4 11. cxb4 axb4 12. axb4 Bxb4 13. Bg5 Re8 14. Ra8+ Kc7 15.
Rxe8 Bxe8 16. g4 h6 17. Bd2 Nge7 18. gxf5 Nxf5 19. Bxf5 exf5 20. Qc2 Bd7 21. Re1
Be6 22. Rc1 g5 23. Nc3 g4 24. Nh4 Qxd4 25. Nb5+ 1-0

[Event "AUTO-OPEN-2975"]
[Site "http://www.queenalice.com/game.php?id=1175210"]
[Date "2013.4.26"]
[Round "1"]
[White "capito"]
[Black "Antoniel_Barbosa"]
[Result "1-0"]
[WhiteElo "2114"]
[BlackElo "1852"]

1. e4 e5 2. Nf3 Nc6 3. Bb5 Nd4 4. Nxd4 exd4 5. d3 a6 6. Bc4 b5 7. Bb3 Qh4 8. Qf3
Nf6 9. e5 Bb4+ 10. Bd2 d5 11. exf6 Bxd2+ 12. Nxd2 Qxf6 13. Bxd5 Rb8 14. Qxf6
gxf6 15. Ne4 Rb6 16. O-O-O Ke7 17. Rhe1 Be6 18. Bxe6 fxe6 19. Nc5 Kd6 20. Nxe6
Rg8 21. g3 c5 22. f4 b4 23. b3 Kd7 24. f5 Kc6 25. Nf4 Kb5 26. Re6 Rg4 27. Rde1
Rg5 28. Rxb6+ Kxb6 29. Re6+ Kb5 30. Rxf6 Rg7 31. Re6 Rg4 32. f6 Rg8 33. f7 Rf8
34. Re7 Kc6 35. Kd2 Kd6 36. Ra7 Ke5 37. Nh5 Ke6 38. Rxa6+ Kxf7 39. Rf6+ Ke7 40.
Rxf8 Kxf8 41. Nf6 1-0

[Event "AUTO-OPEN-2975"]
[Site "http://www.queenalice.com/game.php?id=1175211"]
[Date "2013.4.26"]
[Round "1"]
[White "Antoniel_Barbosa"]
[Black "capito"]
[Result "0-1"]
[WhiteElo "1787"]
[BlackElo "2122"]

1. e4 e6 2. d4 d5 3. e5 c5 4. Nf3 Nc6 5. Bg5 Be7 6. Bf4 cxd4 7. Nxd4 Nxd4 8.
Qxd4 Qc7 9. Bb5+ Bd7 10. Nc3 Bc5 11. Qd3 Ne7 12. O-O O-O 13. Bg5 Ng6 14. Bxd7
Qxd7 15. a3 a6 16. b4 Be7 17. Bxe7 Qxe7 18. a4 Nxe5 19. Qd4 Ng6 20. b5 axb5 21.
Nxb5 Qg5 22. Nd6 Nf4 23. Qxf4 Qxf4 24. Nxb7 Rxa4 25. g3 Qd4 26. Nc5 Rxa1 27.
Rxa1 Qxa1+ 28. Kg2 Rc8 29. Nd7 Rxc2 30. Ne5 Qxe5 0-1

[Event "AUTO-MASTER-1860"]
[Site "http://www.queenalice.com/game.php?id=1175412"]
[Date "2013.4.26"]
[Round "1"]
[White "paulofreitas"]
[Black "capito"]
[Result "1-0"]
[WhiteElo "1941"]
[BlackElo "2127"]

1. e4 e6 2. Nf3 d5 3. Nc3 dxe4 4. Nxe4 Nf6 5. Nxf6+ Qxf6 6. d4 Bd6 7. Bg5 Qg6 8.
Bd3 Qh5 9. h3 f6 10. Qe2 fxg5 11. O-O-O Bd7 12. Qe4 O-O 13. g4 Qf7 14. Qxh7# 1-0

[Event "AUTO-MASTER-1860"]
[Site "http://www.queenalice.com/game.php?id=1175428"]
[Date "2013.4.26"]
[Round "1"]
[White "crono"]
[Black "capito"]
[Result "1-0"]
[WhiteElo "2180"]
[BlackElo "2124"]

1. d4 Nf6 2. c4 d6 3. Nc3 g6 4. e4 Bg7 5. Nf3 O-O 6. Be2 Bg4 7. h3 Bxf3 8. Bxf3
c6 9. O-O Nbd7 10. Be3 c5 11. Qd2 Re8 12. Rad1 cxd4 13. Bxd4 a6 14. Rfe1 Qa5 15.
a3 Rac8 16. Be2 Nb6 17. b4 Qxa3 18. Bxb6 Qxb4 19. Bd4 Qa5 20. Bxf6 Bxf6 21. Nd5
Qxd2 22. Rxd2 Bg5 23. f4 Bh4 24. Rb1 Rxc4 25. Bxc4 Rc8 26. Rc2 Bf6 27. Nxf6+ 1-0

[Event "AUTO-MASTER-1860"]
[Site "http://www.queenalice.com/game.php?id=1175429"]
[Date "2013.4.26"]
[Round "1"]
[White "capito"]
[Black "crono"]
[Result "0-1"]
[WhiteElo "2118"]
[BlackElo "2203"]

1. e4 c5 2. Nf3 e6 3. d4 cxd4 4. Nxd4 Nf6 5. Nc3 d6 6. Be2 Nc6 7. Be3 Be7 8. O-O
O-O 9. a3 a6 10. f4 Qc7 11. Qd2 Nxd4 12. Bxd4 b5 13. Bf3 Bb7 14. Rae1 Rfd8 15.
Qe2 Rac8 16. e5 dxe5 17. Bxe5 Qc5+ 18. Kh1 Bxf3 19. Rxf3 Ng4 20. h3 Nxe5 21.
fxe5 Qc4 22. Qf2 Rf8 23. Re4 Qc5 24. Qg3 a5 25. Rg4 g6 26. h4 Rcd8 27. b4 axb4
28. axb4 Qa7 29. h5 Kg7 30. Ne4 Rd1+ 31. Kh2 Qg1+ 32. Kh3 Qh1+ 33. Qh2 Qxh2+ 34.
Kxh2 Bxb4 35. hxg6 fxg6 36. Rxf8 Bxf8 37. Nf6 Rd8 38. Nh5+ Kh8 39. Nf4 Re8 40.
Nd3 Kg7 41. Kg3 Rc8 42. Nf4 Kf7 43. Nd3 Rxc2 44. Rf4+ Ke7 45. Nb4 Rc5 46. Re4
Bg7 47. Kf4 Rc4 48. Rxc4 bxc4 49. Ke4 Kd7 50. Kd4 Bf8 51. Nc2 Kc6 52. Kxc4 Bc5
53. Ne1 Be3 54. Nf3 g5 55. g4 h6 56. Ne1 Kd7 57. Nc2 Bc1 58. Nd4 Bb2 59. Nf3 Kc6
60. Nd4+ Bxd4 61. Kxd4 Kb5 62. Ke3 Kc5 63. Ke4 Kc4 0-1

[Event "AUTO-MASTER-1860"]
[Site "http://www.queenalice.com/game.php?id=1175440"]
[Date "2013.4.26"]
[Round "1"]
[White "capito"]
[Black "BrainCrash"]
[Result "1-0"]
[WhiteElo "2119"]
[BlackElo "2029"]

1. e4 e5 2. Nf3 Nc6 3. Bb5 Nf6 4. O-O Nxe4 5. Re1 Nd6 6. Bxc6 dxc6 7. Nxe5 Be7
8. d4 O-O 9. c3 Re8 10. Bf4 Bg5 11. Qf3 Qf6 12. Bxg5 Qxg5 13. Na3 Be6 14. Nc2 f6
15. Nd3 Bd5 16. Qg3 1-0

[Event "AUTO-MASTER-1860"]
[Site "http://www.queenalice.com/game.php?id=1175441"]
[Date "2013.4.26"]
[Round "1"]
[White "BrainCrash"]
[Black "capito"]
[Result "0-1"]
[WhiteElo "2042"]
[BlackElo "2109"]

1. d4 Nf6 2. Nc3 g6 3. e4 d6 4. Nf3 Bg7 5. Bd3 O-O 6. h3 c5 7. dxc5 dxc5 8. Be3
b6 9. e5 Nd5 10. Be4 Nxe3 11. fxe3 Qxd1+ 12. Rxd1 Nc6 13. Bxc6 Rb8 14. Nd5 e6
15. Nf6+ Bxf6 16. exf6 Ba6 0-1

[Event "Challenge"]
[Site "http://www.queenalice.com/game.php?id=1219205"]
[Date "2013.9.23"]
[Round "-"]
[White "Zugswang"]
[Black "capito"]
[Result "0-1"]
[WhiteElo "2122"]
[BlackElo "2105"]

1. e4 e6 2. d4 d5 3. Nd2 c5 4. c3 cxd4 5. cxd4 dxe4 6. Nxe4 Nf6 7. Bb5+ Bd7 8.
Nxf6+ Qxf6 9. Qa4 Bd6 10. Nf3 a6 11. Bxd7+ Nxd7 12. Bg5 Qf5 13. O-O Qb5 14. Qc2
O-O 15. Rac1 h6 16. Bh4 Nb6 17. Qe4 Nd5 18. Rc2 Rac8 19. Rfc1 Rxc2 20. Rxc2 Nb4
21. Rd2 Rc8 22. a3 Rc1+ 23. Ne1 Qd5 24. f3 Qxe4 25. fxe4 Nc6 26. Bf2 Kf8 27. h4
g5 28. e5 Be7 29. g3 gxh4 30. gxh4 f5 31. Kg2 Kg7 32. Nd3 Rc4 33. Ne1 b5 34. Rc2
Rxc2 35. Nxc2 a5 36. Kh3 b4 37. axb4 Bxb4 38. Be3 h5 39. Nxb4 Nxb4 40. Bd2 Nc6
41. Bc3 a4 42. Kg3 Ne7 43. Bd2 Ng6 44. Bg5 Kf7 45. Kf3 Ke8 46. Ke3 Kd7 47. Kd3
Kc6 48. Kc4 f4 49. d5+ exd5+ 50. Kd4 f3 51. Be3 Nxh4 52. Bf2 Ng2 53. e6 h4 54.
Ke5 h3 55. Bg1 h2 56. Bxh2 f2 57. e7 Kd7 0-1

[Event "AUTO-ELITE-885"]
[Site "http://www.queenalice.com/game.php?id=1255326"]
[Date "2014.2.10"]
[Round "3"]
[White "capito"]
[Black "colombHouse"]
[Result "0-1"]
[WhiteElo "2108"]
[BlackElo "2536"]

1. e4 e5 2. Nf3 Nc6 3. Bb5 Nd4 4. Nxd4 exd4 5. O-O c6 6. Bc4 Nf6 7. d3 d5 8.
exd5 b5 9. Bb3 Nxd5 10. Re1+ Be7 11. Qe2 Be6 12. Bd2 O-O 13. a4 a6 14. axb5 axb5
15. Rxa8 Qxa8 16. Bxd5 cxd5 17. Na3 Qa4 18. Bc1 Rc8 19. Qh5 b4 20. Nb1 Qxc2 21.
Nd2 Qxd3 22. Nf3 Qc2 23. h4 d3 24. Ng5 h6 25. Nxe6 Qxc1 26. Rxc1 Rxc1+ 27. Kh2
d2 28. Nd8 Bxd8 0-1

[Event "AUTO-ELITE-885"]
[Site "http://www.queenalice.com/game.php?id=1255327"]
[Date "2014.2.10"]
[Round "3"]
[White "colombHouse"]
[Black "capito"]
[Result "1-0"]
[WhiteElo "2522"]
[BlackElo "2109"]

1. d4 Nf6 2. Nc3 e6 3. e4 Bb4 4. e5 Ne4 5. Qg4 Nxc3 6. Qxg7 Nd5+ 7. c3 Nxc3 8.
Qxh8+ Bf8 9. bxc3 Qh4 10. Bd3 d5 11. Nf3 Qg4 12. Bh6 Nd7 13. Ng5 Qxg2 14. Bxf8
Nxf8 15. Nxh7 Qxh1+ 16. Kd2 Qxa1 17. Qxf8+ Kd7 18. Nf6+ 1-0